[Event "Tournoi International du Pays de Charleroi 2018"]
[Site "Roux, Belgium"]
[Date "2018.07.28"]
[Round "1.29"]
[White "Verbist, Julien"]
[Black "Roos, David"]
[Result "1-0"]
[WhiteElo "1954"]
[BlackElo "2142"]

1. b3 {[%clk 01:30:56]} {[%emt 00:00:03]} d5 {[%clk 01:30:50]} {[%emt
00:00:10]} 2. Bb2 {[%clk 01:31:20]} {[%emt 00:00:05]} Bg4 {[%clk 01:31:14]}
{[%emt 00:00:06]} 3. Nf3 {[%clk 01:30:56]} {[%emt 00:00:55]} Nf6 {[%clk
01:30:52]} {[%emt 00:00:52]} 4. e3 {[%clk 01:30:17]} {[%emt 00:01:09]} Nbd7
{[%clk 01:30:57]} {[%emt 00:00:25]} 5. Be2 {[%clk 01:30:40]} {[%emt 00:00:07]}
c6 {[%clk 01:30:25]} {[%emt 00:01:03]} 6. O-O {[%clk 01:30:37]} {[%emt
00:00:33]} Qc7 {[%clk 01:30:15]} {[%emt 00:00:40]} 7. Nd4 {[%clk 01:26:38]}
{[%emt 00:04:29]} Bxe2 {[%clk 01:23:40]} {[%emt 00:07:04]} 8. Nxe2 {[%clk
01:23:04]} {[%emt 00:04:03]} e5 {[%clk 01:21:49]} {[%emt 00:02:22]} 9. Ba3
{[%clk 01:22:22]} {[%emt 00:01:13]} Bxa3 {[%clk 01:19:22]} {[%emt 00:02:56]} 10.
Nxa3 {[%clk 01:22:46]} {[%emt 00:00:06]} O-O {[%clk 01:16:39]} {[%emt
00:03:13]} 11. Nb1 {[%clk 01:18:33]} {[%emt 00:04:43]} Ne4 {[%clk 01:12:32]}
{[%emt 00:04:36]} 12. Nbc3 {[%clk 01:13:45]} {[%emt 00:05:19]} Nec5 {[%clk
01:11:06]} {[%emt 00:01:56]} 13. d4 {[%clk 01:09:50]} {[%emt 00:04:25]} Ne6
{[%clk 01:10:40]} {[%emt 00:00:56]} 14. dxe5 {[%clk 01:09:03]} {[%emt
00:01:18]} Qxe5 {[%clk 01:09:04]} {[%emt 00:02:04]} 15. Qd2 {[%clk 01:07:36]}
{[%emt 00:01:58]} Nf6 {[%clk 01:07:46]} {[%emt 00:01:48]} 16. Nd4 {[%clk
00:48:57]} {[%emt 00:19:09]} Ng4 {[%clk 01:02:59]} {[%emt 00:05:16]} 17. Nf3
{[%clk 00:49:09]} {[%emt 00:00:19]} Qc7 {[%clk 01:00:05]} {[%emt 00:03:24]} 18.
h3 {[%clk 00:49:01]} {[%emt 00:00:38]} Nf6 {[%clk 01:00:29]} {[%emt 00:00:06]}
19. Rfd1 {[%clk 00:47:49]} {[%emt 00:01:41]} Rad8 {[%clk 00:56:42]} {[%emt
00:04:18]} 20. Qe1 {[%clk 00:42:30]} {[%emt 00:05:49]} Rfe8 {[%clk 00:54:29]}
{[%emt 00:02:43]} 21. Ne2 {[%clk 00:42:33]} {[%emt 00:00:27]} c5 {[%clk
00:49:54]} {[%emt 00:05:05]} 22. a4 {[%clk 00:37:32]} {[%emt 00:05:31]} b6
{[%clk 00:48:54]} {[%emt 00:01:29]} 23. Qc3 {[%clk 00:30:13]} {[%emt 00:07:47]}
Ne4 {[%clk 00:42:02]} {[%emt 00:07:24]} 24. Qb2 {[%clk 00:28:44]} {[%emt
00:02:00]} Nf8 {[%clk 00:40:35]} {[%emt 00:01:57]} 25. Nc3 {[%clk 00:23:04]}
{[%emt 00:06:10]} Nf6 {[%clk 00:39:28]} {[%emt 00:01:37]} 26. Nb5 {[%clk
00:23:16]} {[%emt 00:00:18]} Qb7 {[%clk 00:39:49]} {[%emt 00:00:09]} 27. Rac1
{[%clk 00:22:23]} {[%emt 00:01:23]} a6 {[%clk 00:39:05]} {[%emt 00:01:14]} 28.
Na3 {[%clk 00:20:35]} {[%emt 00:02:19]} Qe7 {[%clk 00:30:57]} {[%emt 00:08:37]}
29. c4 {[%clk 00:17:53]} {[%emt 00:03:12]} Ng6 {[%clk 00:30:06]} {[%emt
00:01:21]} 30. cxd5 {[%clk 00:09:35]} {[%emt 00:08:48]} Nxd5 {[%clk 00:30:35]}
{[%emt 00:00:01]} 31. Qe2 {[%clk 00:09:49]} {[%emt 00:00:16]} Qb7 {[%clk
00:27:18]} {[%emt 00:03:47]} 32. Qc4 {[%clk 00:09:09]} {[%emt 00:01:10]} h6
{[%clk 00:25:36]} {[%emt 00:02:12]} 33. a5 {[%clk 00:06:52]} {[%emt 00:02:47]}
Nc7 {[%clk 00:13:33]} {[%emt 00:12:33]} 34. Rxd8 {[%clk 00:06:17]} {[%emt
00:01:05]} Rxd8 {[%clk 00:14:01]} {[%emt 00:00:02]} 35. axb6 {[%clk 00:06:14]}
{[%emt 00:00:33]} Ne6 {[%clk 00:14:30]} {[%emt 00:00:01]} 36. Qc3 {[%clk
00:04:38]} {[%emt 00:02:06]} Qxb6 {[%clk 00:13:49]} {[%emt 00:01:10]} 37. Nc4
{[%clk 00:05:00]} {[%emt 00:00:09]} Qb5 {[%clk 00:13:40]} {[%emt 00:00:39]} 38.
Ra1 {[%clk 00:04:51]} {[%emt 00:00:38]} Ne7 {[%clk 00:10:04]} {[%emt 00:04:06]}
39. Nfd2 {[%clk 00:03:11]} {[%emt 00:02:11]} Nc6 {[%clk 00:09:36]} {[%emt
00:00:58]} 40. Qb2 {[%clk 00:00:51]} {[%emt 00:02:50]} Nb4 {[%clk 00:08:11]}
{[%emt 00:01:54]} 41. Nf3 {[%clk 00:26:02]} {[%emt 00:05:19]} Rd5 {[%clk
00:35:26]} {[%emt 00:03:15]} 42. Qc3 {[%clk 00:22:23]} {[%emt 00:04:07]} Rd3
{[%clk 00:33:02]} {[%emt 00:02:56]} 43. Qb2 {[%clk 00:22:27]} {[%emt 00:00:24]}
Qb7 {[%clk 00:31:13]} {[%emt 00:02:21]} 44. Nce5 {[%clk 00:20:06]} {[%emt
00:02:51]} Rd8 {[%clk 00:30:33]} {[%emt 00:01:10]} 45. Qe2 {[%clk 00:19:45]}
{[%emt 00:00:51]} Qb5 {[%clk 00:25:02]} {[%emt 00:06:01]} 46. Qc4 {[%clk
00:18:03]} {[%emt 00:02:12]} Qe8 {[%clk 00:23:26]} {[%emt 00:02:05]} 47. Ne1
{[%clk 00:16:27]} {[%emt 00:02:07]} Qe7 {[%clk 00:19:34]} {[%emt 00:04:22]} 48.
N1d3 {[%clk 00:13:29]} {[%emt 00:03:29]} Qf6 {[%clk 00:14:58]} {[%emt
00:05:05]} 49. Rb1 {[%clk 00:12:51]} {[%emt 00:01:09]} Nxd3 {[%clk 00:10:17]}
{[%emt 00:05:10]} 50. Nxd3 {[%clk 00:13:14]} {[%emt 00:00:08]} Qg6 {[%clk
00:10:39]} {[%emt 00:00:08]} 51. Rd1 {[%clk 00:10:20]} {[%emt 00:03:23]} Ng5
{[%clk 00:11:07]} {[%emt 00:00:02]} 52. Kf1 {[%clk 00:10:40]} {[%emt 00:00:09]}
Ne4 {[%clk 00:11:23]} {[%emt 00:00:15]} 53. f3 {[%clk 00:07:18]} {[%emt
00:03:53]} Nd6 {[%clk 00:05:40]} {[%emt 00:06:12]} 54. Qxa6 {[%clk 00:07:17]}
{[%emt 00:00:32]} Qg5 {[%clk 00:04:49]} {[%emt 00:01:21]} 55. e4 {[%clk
00:04:02]} {[%emt 00:03:45]} Qh5 {[%clk 00:02:55]} {[%emt 00:02:23]} 56. Nf2
{[%clk 00:03:56]} {[%emt 00:00:36]} Qe5 {[%clk 00:02:54]} {[%emt 00:00:31]} 57.
Qb6 {[%clk 00:02:51]} {[%emt 00:01:36]} Rd7 {[%clk 00:03:03]} {[%emt 00:00:21]}
58. Qc6 {[%clk 00:03:13]} {[%emt 00:00:08]} Qe7 {[%clk 00:02:28]} {[%emt
00:01:05]} 59. Qxc5 {[%clk 00:03:20]} {[%emt 00:00:23]} Nxe4 {[%clk 00:02:57]}
{[%emt 00:00:01]} 60. Qc8+ {[%clk 00:03:28]} {[%emt 00:00:22]} Kh7 {[%clk
00:03:12]} {[%emt 00:00:14]} 61. Qxd7 {[%emt 00:00:42]} Ng3+ {[%clk 00:03:21]}
{[%emt 00:00:17]} 62. Kg1 {[%clk 00:03:49]} {[%emt 00:00:01]} Ne2+ {[%clk
00:03:35]} {[%emt 00:00:16]} 63. Kh1 {[%clk 00:04:11]} {[%emt 00:00:07]} Ng3
{[%clk 00:03:22]} {[%emt 00:00:44]} 64. Kh2 {[%clk 00:04:29]} {[%emt 00:00:12]}
Qe5 {[%clk 00:03:39]} {[%emt 00:00:14]} 65. Qd6 {[%clk 00:03:40]} {[%emt
00:01:18]} 1-0

[Event "Tournoi International du Pays de Charleroi 2018"]
[Site "Roux, Belgium"]
[Date "2018.07.28"]
[Round "1.2"]
[White "Mirzoev, Azer"]
[Black "Mitran Anthony, Cristian"]
[Result "1-0"]
[WhiteTitle "GM"]
[WhiteElo "2506"]
[BlackElo "2096"]

1. d4 {[%clk 01:30:55]} {[%emt 00:00:04]} Nf6 {[%clk 01:30:35]} {[%emt
00:00:27]} 2. c4 {[%clk 01:31:20]} {[%emt 00:00:05]} e6 {[%clk 01:31:01]}
{[%emt 00:00:04]} 3. Nc3 {[%clk 01:31:45]} {[%emt 00:00:05]} Bb4 {[%clk
01:31:12]} {[%emt 00:00:18]} 4. Qc2 {[%clk 01:32:11]} {[%emt 00:00:04]} b6
{[%clk 01:29:01]} {[%emt 00:02:41]} 5. a3 {[%clk 01:32:35]} {[%emt 00:00:06]}
Bxc3+ {[%clk 01:29:27]} {[%emt 00:00:04]} 6. Qxc3 {[%clk 01:33:01]} {[%emt
00:00:05]} Bb7 {[%clk 01:29:50]} {[%emt 00:00:06]} 7. Bg5 {[%clk 01:33:21]}
{[%emt 00:00:09]} d6 {[%clk 01:19:37]} {[%emt 00:10:43]} 8. e3 {[%clk
01:32:25]} {[%emt 00:01:27]} Nbd7 {[%clk 01:19:28]} {[%emt 00:00:40]} 9. f3
{[%clk 01:32:26]} {[%emt 00:00:27]} Qe7 {[%clk 01:18:22]} {[%emt 00:01:37]} 10.
Ne2 {[%clk 01:29:04]} {[%emt 00:03:51]} Rc8 {[%clk 01:13:00]} {[%emt 00:05:53]}
11. Qc2 {[%clk 01:27:24]} {[%emt 00:02:10]} O-O {[%clk 01:11:58]} {[%emt
00:01:33]} 12. Nc3 {[%clk 01:27:21]} {[%emt 00:00:31]} e5 {[%clk 01:11:32]}
{[%emt 00:00:57]} 13. O-O-O {[%clk 01:25:26]} {[%emt 00:02:25]} Rfe8 {[%clk
01:01:54]} {[%emt 00:10:07]} 14. Kb1 {[%clk 01:24:55]} {[%emt 00:01:01]} Qf8
{[%clk 01:00:49]} {[%emt 00:01:36]} 15. Bd3 {[%clk 01:23:30]} {[%emt 00:01:53]}
h6 {[%clk 00:59:16]} {[%emt 00:02:05]} 16. Bh4 {[%clk 01:23:51]} {[%emt
00:00:09]} g6 {[%clk 00:55:34]} {[%emt 00:04:12]} 17. Rhf1 {[%clk 01:12:37]}
{[%emt 00:11:43]} Qg7 {[%clk 00:55:04]} {[%emt 00:01:01]} 18. h3 {[%clk
01:11:26]} {[%emt 00:01:40]} exd4 {[%clk 00:48:50]} {[%emt 00:06:45]} 19. exd4
{[%clk 01:11:45]} {[%emt 00:00:10]} d5 {[%clk 00:47:22]} {[%emt 00:01:58]} 20.
cxd5 {[%clk 01:09:13]} {[%emt 00:03:02]} Nxd5 {[%clk 00:42:57]} {[%emt
00:04:56]} 21. Nxd5 {[%clk 01:09:34]} {[%emt 00:00:09]} Bxd5 {[%clk 00:43:04]}
{[%emt 00:00:23]} 22. Ba6 {[%clk 01:09:49]} {[%emt 00:00:14]} c5 {[%clk
00:40:17]} {[%emt 00:03:17]} 23. Bxc8 {[%clk 01:09:24]} {[%emt 00:00:56]} Rxc8
{[%clk 00:40:45]} {[%emt 00:00:03]} 24. dxc5 {[%clk 01:09:12]} {[%emt
00:00:41]} Rxc5 {[%clk 00:40:08]} {[%emt 00:01:06]} 25. Qa4 {[%clk 01:07:39]}
{[%emt 00:02:02]} Bc6 {[%clk 00:32:00]} {[%emt 00:08:40]} 26. Qd4 {[%clk
01:03:56]} {[%emt 00:04:11]} f6 {[%clk 00:31:54]} {[%emt 00:00:38]} 27. Rfe1
{[%clk 01:00:36]} {[%emt 00:03:47]} g5 {[%clk 00:27:31]} {[%emt 00:04:56]} 28.
Bg3 {[%clk 01:00:03]} {[%emt 00:01:02]} Qf7 {[%clk 00:27:45]} {[%emt 00:00:17]}
29. Bd6 {[%clk 00:53:43]} {[%emt 00:06:49]} Rd5 {[%clk 00:25:42]} {[%emt
00:02:35]} 30. Qe3 {[%clk 00:52:16]} {[%emt 00:01:54]} Nf8 {[%clk 00:23:58]}
{[%emt 00:02:16]} 31. Rxd5 {[%clk 00:51:39]} {[%emt 00:01:07]} Bxd5 {[%clk
00:24:25]} {[%emt 00:00:02]} 32. Qe8 {[%clk 00:48:34]} {[%emt 00:03:35]} 1-0

[Event "Tournoi International du Pays de Charleroi 2018"]
[Site "Roux, Belgium"]
[Date "2018.07.28"]
[Round "1.11"]
[White "Barbier, Wiebke"]
[Black "De Schampheleire, Glen"]
[Result "0-1"]
[BlackTitle "FM"]
[WhiteElo "2031"]
[BlackElo "2347"]

1. e4 {[%clk 01:30:58]} c5 {[%clk 01:30:53]} {[%emt 00:00:07]} 2. Be2 {[%clk
01:31:23]} {[%emt 00:00:05]} Nc6 {[%clk 01:30:18]} {[%emt 00:01:05]} 3. d3
{[%clk 01:31:47]} {[%emt 00:00:06]} g6 {[%clk 01:29:39]} {[%emt 00:01:09]} 4.
f4 {[%clk 01:32:07]} {[%emt 00:00:11]} Bg7 {[%clk 01:28:24]} {[%emt 00:01:45]}
5. Nf3 {[%clk 01:32:18]} {[%emt 00:00:19]} d5 {[%clk 01:27:12]} {[%emt
00:01:42]} 6. c3 {[%clk 01:31:11]} {[%emt 00:01:37]} Nf6 {[%clk 01:26:01]}
{[%emt 00:01:41]} 7. e5 {[%clk 01:26:56]} {[%emt 00:04:46]} Nd7 {[%clk
01:26:15]} {[%emt 00:00:16]} 8. d4 {[%clk 01:27:16]} {[%emt 00:00:10]} cxd4
{[%clk 01:22:17]} {[%emt 00:04:28]} 9. cxd4 {[%clk 01:27:13]} {[%emt 00:00:32]}
Nb6 {[%clk 01:22:37]} {[%emt 00:00:11]} 10. h3 {[%clk 01:24:35]} {[%emt
00:03:08]} O-O {[%clk 01:20:15]} {[%emt 00:02:52]} 11. Nc3 {[%clk 01:24:35]}
{[%emt 00:00:30]} f6 {[%clk 01:17:59]} {[%emt 00:02:45]} 12. O-O {[%clk
01:23:15]} {[%emt 00:01:51]} Be6 {[%clk 01:17:30]} {[%emt 00:00:59]} 13. Qe1
{[%clk 01:18:41]} {[%emt 00:05:04]} Rc8 {[%clk 01:12:29]} {[%emt 00:05:32]} 14.
Qh4 {[%clk 01:09:07]} {[%emt 00:10:04]} Qd7 {[%clk 00:59:56]} {[%emt 00:13:03]}
15. a4 {[%clk 00:59:40]} {[%emt 00:09:57]} Na5 {[%clk 00:55:41]} {[%emt
00:04:45]} 16. Bb5 {[%clk 00:43:14]} {[%emt 00:16:56]} Qc7 {[%clk 00:53:31]}
{[%emt 00:02:40]} 17. Re1 {[%clk 00:37:59]} {[%emt 00:05:45]} Nb3 {[%clk
00:40:06]} {[%emt 00:13:54]} 18. exf6 {[%clk 00:25:12]} {[%emt 00:13:17]} Bxf6
{[%clk 00:36:17]} {[%emt 00:04:19]} 19. Ng5 {[%clk 00:25:33]} {[%emt 00:00:09]}
Bxg5 {[%clk 00:36:35]} {[%emt 00:00:12]} 20. Qxg5 {[%clk 00:25:58]} {[%emt
00:00:05]} Qd6 {[%clk 00:34:19]} {[%emt 00:02:45]} 21. Ra3 {[%clk 00:14:43]}
{[%emt 00:11:46]} Nxc1 {[%clk 00:23:09]} {[%emt 00:11:40]} 22. Rxc1 {[%clk
00:14:01]} {[%emt 00:01:12]} Rxf4 {[%clk 00:23:04]} {[%emt 00:00:35]} 23. Re1
{[%clk 00:08:48]} {[%emt 00:05:43]} Rf6 {[%clk 00:18:18]} {[%emt 00:05:16]} 24.
Bd3 {[%clk 00:06:28]} {[%emt 00:02:51]} Qb4 {[%clk 00:15:54]} {[%emt 00:02:53]}
25. a5 {[%clk 00:04:20]} {[%emt 00:02:38]} Qxd4+ {[%clk 00:15:14]} {[%emt
00:01:10]} 26. Qe3 {[%clk 00:03:11]} {[%emt 00:01:39]} Qxe3+ {[%clk 00:15:11]}
{[%emt 00:00:33]} 27. Rxe3 {[%clk 00:03:38]} {[%emt 00:00:03]} Nc4 {[%clk
00:11:42]} {[%emt 00:03:59]} 28. Bxc4 {[%emt 00:00:11]} Rxc4 {[%clk 00:08:30]}
{[%emt 00:03:40]} 29. Re5 {[%clk 00:03:28]} {[%emt 00:01:00]} Rb4 {[%clk
00:06:13]} {[%emt 00:02:47]} 30. Na4 {[%clk 00:02:38]} {[%emt 00:01:21]} b6
{[%clk 00:03:17]} {[%emt 00:03:26]} 31. axb6 {[%clk 00:03:03]} {[%emt
00:00:05]} axb6 {[%clk 00:03:44]} {[%emt 00:00:03]} 32. Nc3 {[%clk 00:03:01]}
{[%emt 00:00:32]} Rxb2 {[%clk 00:03:25]} {[%emt 00:00:48]} 33. Ra7 {[%clk
00:03:17]} {[%emt 00:00:15]} Kf8 {[%clk 00:02:59]} {[%emt 00:00:56]} 34. Nxd5
{[%clk 00:01:59]} {[%emt 00:01:48]} Bxd5 {[%clk 00:03:03]} {[%emt 00:00:26]} 35.
Rxd5 {[%clk 00:02:27]} {[%emt 00:00:02]} Rff2 {[%clk 00:03:17]} {[%emt
00:00:16]} 36. g4 {[%clk 00:01:17]} {[%emt 00:01:41]} Rfc2 {[%clk 00:01:50]}
{[%emt 00:01:56]} 37. Rd1 {[%clk 00:01:15]} {[%emt 00:00:32]} Rg2+ {[%clk
00:01:56]} {[%emt 00:00:24]} 38. Kf1 {[%clk 00:01:37]} {[%emt 00:00:07]} Rh2
{[%clk 00:01:34]} {[%emt 00:00:53]} 39. Kg1 {[%clk 00:02:01]} {[%emt 00:00:06]}
Rbg2+ {[%clk 00:01:57]} {[%emt 00:00:07]} 40. Kf1 {[%clk 00:02:27]} {[%emt
00:00:04]} Rh1+ {[%clk 00:02:08]} {[%emt 00:00:19]} 41. Kxg2 {[%clk 00:02:53]}
{[%emt 00:00:04]} Rxd1 {[%clk 00:02:33]} {[%emt 00:00:06]} 42. Rb7 {[%clk
00:01:50]} {[%emt 00:01:33]} Rd6 {[%clk 00:30:03]} {[%emt 00:03:00]} 43. Kf3
{[%clk 00:30:50]} {[%emt 00:01:29]} g5 {[%clk 00:29:13]} {[%emt 00:01:20]} 44.
Ke4 {[%clk 00:29:42]} {[%emt 00:01:39]} Rf6 {[%clk 00:27:18]} {[%emt 00:02:26]}
45. Ke5 {[%clk 00:28:40]} {[%emt 00:01:32]} Kf7 {[%clk 00:25:30]} {[%emt
00:02:18]} 46. Rb8 {[%clk 00:28:43]} {[%emt 00:00:27]} h6 {[%clk 00:19:10]}
{[%emt 00:06:49]} 47. Rb7 {[%clk 00:28:36]} {[%emt 00:00:37]} Rc6 {[%clk
00:19:30]} {[%emt 00:00:10]} 48. Rb8 {[%clk 00:28:10]} {[%emt 00:00:57]} Rc5+
{[%clk 00:13:57]} {[%emt 00:06:03]} 49. Kd4 {[%clk 00:26:58]} {[%emt 00:01:41]}
Rc6 {[%clk 00:13:30]} {[%emt 00:00:58]} 50. Ke5 {[%clk 00:27:04]} {[%emt
00:00:24]} Rc3 {[%clk 00:13:50]} {[%emt 00:00:10]} 51. Rxb6 {[%clk 00:25:20]}
{[%emt 00:02:14]} Rxh3 {[%clk 00:14:14]} {[%emt 00:00:05]} 52. Ra6 {[%clk
00:24:58]} {[%emt 00:00:53]} Re3+ {[%clk 00:14:16]} {[%emt 00:00:28]} 53. Kd5
{[%clk 00:25:05]} {[%emt 00:00:24]} e6+ {[%clk 00:14:22]} {[%emt 00:00:25]} 54.
Kd6 {[%clk 00:25:17]} {[%emt 00:00:17]} Re4 {[%clk 00:14:37]} {[%emt 00:00:15]}
55. Ra7+ {[%clk 00:25:19]} {[%emt 00:00:28]} Kg6 {[%clk 00:14:43]} {[%emt
00:00:23]} 0-1

[Event "Tournoi International du Pays de Charleroi 2018"]
[Site "Roux, Belgium"]
[Date "2018.07.28"]
[Round "1.16"]
[White "Vesin, Jean-Robert"]
[Black "Verheyen, Olivier"]
[Result "0-1"]
[WhiteTitle "FM"]
[WhiteElo "2215"]
[BlackElo "2012"]

1. e4 {[%clk 01:30:57]} {[%emt 00:00:02]} c5 {[%clk 01:30:56]} {[%emt
00:00:05]} 2. Nf3 {[%clk 01:31:19]} {[%emt 00:00:07]} d6 {[%clk 01:31:18]}
{[%emt 00:00:08]} 3. c3 {[%clk 01:31:44]} {[%emt 00:00:05]} Nf6 {[%clk
01:28:52]} {[%emt 00:02:56]} 4. h3 {[%clk 01:32:08]} {[%emt 00:00:06]} Nc6
{[%clk 01:26:25]} {[%emt 00:02:57]} 5. d4 {[%clk 01:31:17]} {[%emt 00:01:21]}
cxd4 {[%clk 01:23:25]} {[%emt 00:03:31]} 6. Bc4 {[%clk 01:10:03]} {[%emt
00:21:43]} Nxe4 {[%clk 01:20:16]} {[%emt 00:03:39]} 7. O-O {[%clk 01:10:10]}
{[%emt 00:00:23]} d5 {[%clk 01:15:49]} {[%emt 00:04:58]} 8. Bb3 {[%clk
01:09:18]} {[%emt 00:01:21]} Nc5 {[%clk 01:12:05]} {[%emt 00:04:13]} 9. cxd4
{[%clk 01:07:07]} {[%emt 00:02:42]} Nxb3 {[%clk 01:12:00]} {[%emt 00:00:35]} 10.
Qxb3 {[%clk 01:07:30]} {[%emt 00:00:07]} e6 {[%clk 01:11:01]} {[%emt 00:01:29]}
11. Nc3 {[%clk 01:05:03]} {[%emt 00:02:57]} Be7 {[%clk 01:04:49]} {[%emt
00:06:42]} 12. Bf4 {[%clk 01:04:45]} {[%emt 00:00:48]} Na5 {[%clk 00:57:58]}
{[%emt 00:07:22]} 13. Qc2 {[%clk 01:04:14]} {[%emt 00:01:00]} Bd7 {[%clk
00:57:00]} {[%emt 00:01:28]} 14. Qd3 {[%clk 01:01:56]} {[%emt 00:02:48]} Rc8
{[%clk 00:54:41]} {[%emt 00:02:49]} 15. Rfe1 {[%clk 00:57:58]} {[%emt
00:04:28]} O-O {[%clk 00:49:59]} {[%emt 00:05:12]} 16. Re2 {[%emt 00:10:24]}
Nc4 {[%clk 00:45:58]} 17. b3 {[%clk 00:48:12]} {[%emt 00:04:53]} Nd6 {[%clk
00:43:47]} {[%emt 00:02:41]} 18. Rae1 {[%clk 00:46:44]} {[%emt 00:01:58]} Nf5
{[%clk 00:35:27]} {[%emt 00:08:50]} 19. g4 {[%clk 00:39:19]} {[%emt 00:07:54]}
Bb4 {[%clk 00:35:32]} {[%emt 00:00:25]} 20. Rc1 {[%clk 00:38:56]} {[%emt
00:00:53]} Nd6 {[%clk 00:31:14]} {[%emt 00:04:48]} 21. Rec2 {[%clk 00:36:53]}
{[%emt 00:02:33]} f6 {[%clk 00:23:37]} {[%emt 00:08:07]} 22. Ne2 {[%clk
00:30:29]} {[%emt 00:06:53]} Bb5 {[%clk 00:18:27]} {[%emt 00:05:41]} 23. Qe3
{[%clk 00:30:44]} {[%emt 00:00:14]} Qd7 {[%clk 00:17:19]} {[%emt 00:01:40]} 24.
Ng3 {[%clk 00:28:51]} {[%emt 00:02:22]} Rxc2 {[%clk 00:11:20]} {[%emt
00:06:29]} 25. Rxc2 {[%clk 00:29:18]} {[%emt 00:00:03]} Qf7 {[%clk 00:09:54]}
{[%emt 00:01:55]} 26. Qc1 {[%clk 00:22:15]} {[%emt 00:07:34]} Bc6 {[%clk
00:02:13]} {[%emt 00:08:11]} 27. a3 {[%clk 00:22:03]} {[%emt 00:00:43]} e5
{[%clk 00:02:35]} {[%emt 00:00:07]} 28. Be3 {[%clk 00:21:14]} {[%emt 00:01:18]}
e4 {[%clk 00:02:14]} {[%emt 00:00:53]} 29. Nh4 {[%clk 00:18:33]} {[%emt
00:03:10]} Ba5 {[%clk 00:02:26]} {[%emt 00:00:19]} 30. Nhf5 {[%clk 00:18:31]}
{[%emt 00:00:31]} Bc7 {[%clk 00:01:44]} {[%emt 00:01:12]} 31. Nxd6 {[%clk
00:17:08]} {[%emt 00:01:53]} Bxd6 {[%clk 00:02:02]} {[%emt 00:00:11]} 32. Nf5
{[%clk 00:17:33]} {[%emt 00:00:06]} Qd7 {[%clk 00:01:25]} {[%emt 00:01:06]} 33.
Bf4 {[%clk 00:15:21]} {[%emt 00:02:42]} Bxf4 {[%clk 00:01:46]} {[%emt
00:00:10]} 34. Qxf4 {[%clk 00:15:46]} {[%emt 00:00:05]} g6 {[%clk 00:01:20]}
{[%emt 00:00:56]} 35. Ne3 {[%clk 00:15:57]} {[%emt 00:00:18]} Kg7 {[%clk
00:01:09]} {[%emt 00:00:42]} 36. b4 {[%clk 00:15:16]} {[%emt 00:01:11]} a6
{[%clk 00:01:02]} {[%emt 00:00:38]} 37. Rc5 {[%clk 00:14:32]} {[%emt 00:01:13]}
Rf7 {[%clk 00:00:49]} {[%emt 00:00:44]} 38. h4 {[%clk 00:14:06]} {[%emt
00:00:55]} Qd8 {[%clk 00:00:36]} {[%emt 00:00:44]} 39. h5 {[%clk 00:13:54]}
{[%emt 00:00:40]} Kg8 {[%clk 00:00:44]} {[%emt 00:00:23]} 40. hxg6 {[%clk
00:08:48]} {[%emt 00:05:35]} hxg6 {[%clk 00:01:13]} {[%emt 00:00:02]} 41. Rc1
{[%clk 00:07:54]} {[%emt 00:01:24]} Qb6 {[%clk 00:22:02]} {[%emt 00:09:41]} 42.
Rc5 {[%clk 00:38:10]} {[%emt 00:00:13]} Qd8 {[%clk 00:21:58]} {[%emt 00:00:34]}
43. Kg2 {[%clk 00:38:36]} {[%emt 00:00:05]} Rd7 {[%clk 00:20:29]} {[%emt
00:02:00]} 44. Qh6 {[%clk 00:38:15]} {[%emt 00:00:50]} Qe8 {[%clk 00:19:26]}
{[%emt 00:01:32]} 45. Rc1 {[%clk 00:37:35]} {[%emt 00:01:10]} Rh7 {[%clk
00:19:34]} {[%emt 00:00:23]} 46. Qf4 {[%clk 00:37:55]} {[%emt 00:00:10]} Rg7
{[%clk 00:16:13]} {[%emt 00:03:52]} 47. Rh1 {[%clk 00:33:56]} {[%emt 00:04:28]}
Qd8 {[%clk 00:14:29]} {[%emt 00:02:13]} 48. Rh6 {[%clk 00:32:51]} {[%emt
00:01:36]} Kf7 {[%clk 00:14:21]} {[%emt 00:00:37]} 49. g5 {[%clk 00:30:32]}
{[%emt 00:02:50]} Bd7 {[%clk 00:10:16]} {[%emt 00:04:35]} 50. Nxd5 {[%clk
00:23:42]} {[%emt 00:07:19]} f5 {[%clk 00:10:07]} {[%emt 00:00:40]} 51. Nf6
{[%clk 00:22:22]} {[%emt 00:01:49]} Bc6 {[%clk 00:10:06]} {[%emt 00:00:32]} 52.
Kg3 {[%clk 00:14:02]} {[%emt 00:08:50]} Qxd4 {[%clk 00:07:34]} {[%emt
00:03:02]} 53. Qc7+ {[%clk 00:13:58]} {[%emt 00:00:34]} Ke6 {[%clk 00:07:38]}
{[%emt 00:00:25]} 54. Qxg7 {[%clk 00:14:13]} {[%emt 00:00:15]} f4+ {[%clk
00:06:13]} {[%emt 00:01:56]} 55. Kh3 {[%clk 00:12:42]} {[%emt 00:02:01]} Qxf2
{[%clk 00:04:53]} {[%emt 00:01:50]} 56. Qg8+ {[%clk 00:13:03]} {[%emt
00:00:09]} Kd6 {[%clk 00:04:19]} {[%emt 00:01:04]} 57. Qd8+ {[%clk 00:07:29]}
{[%emt 00:06:03]} Ke6 {[%clk 00:04:45]} {[%emt 00:00:04]} 58. Qc8+ {[%clk
00:07:52]} {[%emt 00:00:07]} Kd6 {[%clk 00:04:15]} {[%emt 00:01:00]} 59. Qg4
{[%clk 00:05:34]} {[%emt 00:02:48]} e3 {[%clk 00:00:50]} {[%emt 00:03:55]} 60.
Qd1+ {[%clk 00:04:45]} {[%emt 00:01:19]} Qd2 {[%clk 00:00:55]} {[%emt
00:00:26]} 61. Rh8 {[%clk 00:02:40]} {[%emt 00:02:35]} Bd7 {[%clk 00:00:40]}
0-1